[Event "SVK-ch U20 rapid"]
[Site "Senec"]
[Date "2023.05.07"]
[Round "1"]
[White "Bochnicka, Vladimir1"]
[Black "Kramar, Matus"]
[Result "1-0"]
[WhiteElo "2133"]
[BlackElo "1640"]
[PlyCount "47"]
[EventDate "2023.05.07"]
[EventType "rapid"]
[EventRounds "7"]
[EventCountry "SVK"]
[SourceTitle "EXT 2024"]
[Source "ChessBase"]
[SourceDate "2023.10.10"]
[SourceVersion "1"]
[SourceVersionDate "2023.10.10"]
[SourceQuality "1"]

1. e4 e5 2. Nf3 Nc6 3. Bc4 Be7 4. 0-0 Nf6 5. d3 0-0 6. Re1 d6 7. a4 Bg4 8. h3 Bh5 9. c3 Re8 10. Nbd2 Na5 11. Ba2 c5 12. Nf1 Rc8 13. Ng3 Bg6 14. Nh4 Qd7 15. Qf3 Bf8 16. Bg5 Be7 17. Nhf5 Bd8 18. h4 c4 19. h5 Bxf5 20. Nxf5 d5 21. h6 dxe4 22. dxe4 g6 23. Red1 Qc6 24. Nd6 1-0

[Event "SVK-ch U20 rapid"]
[Site "Senec"]
[Date "2023.05.07"]
[Round "6"]
[White "Kramar, Matus"]
[Black "Compel, Daniel"]
[Result "0-1"]
[WhiteElo "1640"]
[BlackElo "2034"]
[PlyCount "66"]
[EventDate "2023.05.07"]
[EventType "rapid"]
[EventRounds "7"]
[EventCountry "SVK"]
[SourceTitle "EXT 2024"]
[Source "ChessBase"]
[SourceDate "2023.10.10"]
[SourceVersion "1"]
[SourceVersionDate "2023.10.10"]
[SourceQuality "1"]

1. Nf3 Nf6 2. g3 d5 3. Bg2 c5 4. 0-0 e6 5. d3 Be7 6. c3 0-0 7. Qc2 Nc6 8. Nbd2 a6 9. a4 b6 10. e4 Qc7 11. Re1 Bb7 12. b3 Rac8 13. Bb2 Rfd8 14. Rad1 b5 15. axb5 axb5 16. c4 Nb4 17. Qb1 dxc4 18. dxc4 Nd3 19. Re2 Nxb2 20. Qxb2 Nxe4 21. Qc2 Nxd2 22. Rexd2 Rxd2 23. Rxd2 b4 24. Re2 Bf6 25. Ne1 Bxg2 26. Nxg2 Bc3 27. Re4 Rd8 28. Rh4 g6 29. Ne3 Qc6 30. Qe2 Rd2 31. Qg4 Bd4 32. Qh3 Bxe3 33. fxe3 Qf3 0-1

[Event "SVK-ch U20 rapid"]
[Site "Senec"]
[Date "2023.05.07"]
[Round "2"]
[White "Kramar, Matus"]
[Black "Farkas, Dominik"]
[Result "1-0"]
[WhiteElo "1640"]
[BlackElo "1000"]
[PlyCount "69"]
[EventDate "2023.05.07"]
[EventType "rapid"]
[EventRounds "7"]
[EventCountry "SVK"]
[SourceTitle "EXT 2024"]
[Source "ChessBase"]
[SourceDate "2023.10.10"]
[SourceVersion "1"]
[SourceVersionDate "2023.10.10"]
[SourceQuality "1"]

1. e4 e6 2. d4 d5 3. exd5 exd5 4. Nf3 c5 5. c3 Nc6 6. Bf4 Qb6 7. b3 Bf5 8. Be2 Be7 9. 0-0 Nf6 10. Re1 0-0 11. Bd3 Bg4 12. dxc5 Bxc5 13. Qc2 Bxf3 14. gxf3 Rfe8 15. Rf1 d4 16. c4 Nb4 17. Qd2 Nxd3 18. Qxd3 Nh5 19. Bg3 Re6 20. Nd2 Nxg3 21. hxg3 Rae8 22. Kg2 Rh6 23. Rh1 Ree6 24. Ne4 Be7 25. Rad1 Rxh1 26. Rxh1 Rg6 27. Rd1 f5 28. Nd2 Qc7 29. Qxf5 Bh4 30. Ne4 Qd8 31. Rd3 a6 32. Kf1 Bf6 33. Qe6+ Kh8 34. Nd6 Be7 35. Nf7+ 1-0

[Event "SVK-chT5 A22 2223"]
[Site "Slovakia"]
[Date "2022.12.03"]
[Round "3.1"]
[White "Merva, Frantisek"]
[Black "Kramar, Matus"]
[Result "0-1"]
[WhiteElo "1975"]
[BlackElo "1663"]
[PlyCount "90"]
[EventDate "2022.10.15"]
[EventType "team-tourn"]
[EventRounds "9"]
[EventCountry "SVK"]
[SourceTitle "EXT 2024"]
[Source "ChessBase"]
[SourceDate "2023.10.10"]
[SourceVersion "1"]
[SourceVersionDate "2023.10.10"]
[SourceQuality "1"]
[WhiteTeam "Topolniky Vrakun II"]
[BlackTeam "Modranka Komplet Juniors II"]
[WhiteTeamCountry "SVK"]
[BlackTeamCountry "SVK"]

1. e4 c5 2. Nf3 Nc6 3. Nc3 g6 4. Bc4 Bg7 5. a3 a6 6. d3 d6 7. h3 Nf6 8. Bg5 0-0 9. Qd2 Be6 10. Bxe6 fxe6 11. Bh6 Nd4 12. Bxg7 Nxf3+ 13. gxf3 Kxg7 14. h4 Nh5 15. Rg1 Rxf3 16. Qg5 Kh8 17. Qg4 Qf8 18. Qxe6 Rxf2 19. 0-0-0 Qf4+ 20. Kb1 Qf6 21. Qd7 b5 22. Nd5 Qxh4 23. Nxe7 Qh2 24. Rh1 Qg3 25. Nd5 Raf8 26. Qb7 Qg2 27. Qxa6 Rxc2 28. Qxb5 Rff2 29. Ne3 Rxb2+ 30. Qxb2+ Rxb2+ 31. Kc1 Qf2 32. Rhf1 Qh2 33. Rh1 Qe2 34. Rhe1 Qf2 35. Rf1 Qxe3+ 36. Kxb2 Qd4+ 37. Kb3 Kg7 38. Kc2 Nf6 39. Ra1 c4 40. dxc4 Qxc4+ 41. Kb2 Nxe4 42. Rfc1 Qb5+ 43. Kc2 Qa4+ 44. Kb2 Nc5 45. Rc3 Qb5+ 0-1

[Event "SVK-chT3A2 2122"]
[Site "Slovakia"]
[Date "2021.11.21"]
[Round "4.6"]
[White "Sefcik, Oliver"]
[Black "Kramar, Matus"]
[Result "0-1"]
[WhiteElo "1315"]
[BlackElo "1656"]
[PlyCount "84"]
[EventDate "2021.10.10"]
[EventType "team-tourn"]
[EventRounds "11"]
[EventCountry "SVK"]
[SourceTitle "EXT 2023"]
[Source "ChessBase"]
[SourceDate "2022.10.05"]
[SourceVersion "1"]
[SourceVersionDate "2022.10.05"]
[SourceQuality "1"]
[WhiteTeam "Holic"]
[BlackTeam "Modranka Komplet"]
[WhiteTeamCountry "SVK"]
[BlackTeamCountry "SVK"]

1. e4 e5 2. Nf3 Nc6 3. Bc4 Be7 4. c3 Nf6 5. d3 d6 6. Be3 0-0 7. 0-0 Na5 8. Nbd2 c5 9. Bb3 Nxb3 10. Qxb3 b6 11. c4 Bb7 12. Qd1 Rc8 13. Ng5 h6 14. Nh3 Qd7 15. f4 Ng4 16. Qf3 Nxe3 17. Qxe3 exf4 18. Qxf4 Bf6 19. Rab1 Be5 20. Qf5 Qxf5 21. Rxf5 Rce8 22. b3 Bc8 23. Rff1 f5 24. Nf2 Bd4 25. Kh1 f4 26. Nf3 Bf6 27. b4 g5 28. bxc5 dxc5 29. Nd1 g4 30. Nd2 Be5 31. Rc1 Rd8 32. Nf2 h5 33. Rce1 Rf7 34. Kg1 Bd4 35. Kh1 Be5 36. Kg1 h4 37. Nb3 g3 38. Nd1 Rh7 39. Rf3 Bg4 40. Rff1 Kg7 41. Nf2 gxf2+ 42. Kxf2 Rxd3 0-1

[Event "SVK-chT3A2 2122"]
[Site "Slovakia"]
[Date "2021.10.10"]
[Round "1.5"]
[White "Sadlon, Matus"]
[Black "Kramar, Matus"]
[Result "1-0"]
[WhiteElo "1756"]
[BlackElo "1656"]
[PlyCount "155"]
[EventDate "2021.10.10"]
[EventType "team-tourn"]
[EventRounds "11"]
[EventCountry "SVK"]
[SourceTitle "EXT 2023"]
[Source "ChessBase"]
[SourceDate "2022.10.05"]
[SourceVersion "1"]
[SourceVersionDate "2022.10.05"]
[SourceQuality "1"]
[WhiteTeam "Senica CVC"]
[BlackTeam "Modranka Komplet"]
[WhiteTeamCountry "SVK"]
[BlackTeamCountry "SVK"]

1. e4 e5 2. Nf3 Nc6 3. Bb5 a6 4. Ba4 Be7 5. c3 Nf6 6. 0-0 b5 7. Bc2 0-0 8. d4 d6 9. Re1 Bg4 10. Be3 Qd7 11. Nbd2 Rfd8 12. Nf1 exd4 13. cxd4 d5 14. e5 Ne8 15. Ng3 Nb4 16. Bb1 a5 17. h3 Bxf3 18. Qxf3 c5 19. a3 cxd4 20. Bxd4 Nc6 21. Bb6 Rdb8 22. Qd3 g6 23. Bd4 Nxd4 24. Qxd4 b4 25. Be4 Rb5 26. a4 Rc5 27. Red1 Rd8 28. Rd3 Qc7 29. Bf3 Rc4 30. Qe3 d4 31. Qf4 Ng7 32. Re1 Ne6 33. Qg4 Nc5 34. Rdd1 Nxa4 35. b3 Nc3 36. bxc4 Nxd1 37. Rxd1 Qxc4 38. Nf5 Bc5 39. Qg5 Rb8 40. Nh6+ Kf8 41. Qf6 Rb6 42. Qd8+ Kg7 43. Ng4 b3 44. Nf6 b2 45. Qg8+ Kh6 46. Qxh7+ Kg5 47. Bg4 Rxf6 48. exf6 Qc1 49. f4+ Qxf4 50. Qxf7 d3+ 51. Kh1 Bd6 52. Qd5+ Be5 53. g3 Qxg3 54. Qg2 Qxg2+ 55. Kxg2 Kxf6 56. Bd7 Bc3 57. Kf3 Bd2 58. Bb5 Bc1 59. Bxd3 g5 60. Ke4 a4 61. Kd4 a3 62. Bb1 Kg7 63. Ke5 Kh6 64. Kf5 Kh5 65. Rd4 Be3 66. Ra4 Bc5 67. Ba2 Kh6 68. Ra8 Be7 69. Re8 Bc5 70. Re6+ Kh5 71. Re4 Kh6 72. Re8 Bd4 73. Ra8 Bc5 74. Kf6 Bd4+ 75. Kf7 g4 76. hxg4 Bc5 77. Ra5 Bb4 78. Rh5# 1-0

[Event "SVK-chT3A2 1819"]
[Site "Slovakia"]
[Date "2018.11.04"]
[Round "3.1"]
[White "Kramar, Matus"]
[Black "Janas, Peter"]
[Result "1/2-1/2"]
[WhiteElo "1657"]
[BlackElo "1760"]
[PlyCount "52"]
[EventDate "2018.10.07"]
[EventType "team-tourn"]
[EventRounds "11"]
[EventCountry "SVK"]
[SourceTitle "EXT 2020"]
[Source "ChessBase"]
[SourceDate "2019.10.17"]
[SourceVersion "1"]
[SourceVersionDate "2019.10.17"]
[SourceQuality "1"]
[WhiteTeam "Modranka Komplet"]
[BlackTeam "Hlohovec"]
[WhiteTeamCountry "SVK"]
[BlackTeamCountry "SVK"]

1. e4 Nf6 2. e5 Nd5 3. c4 Nb6 4. d4 d6 5. exd6 exd6 6. Be2 Nc6 7. Be3 Bf5 8. a3 a5 9. Nf3 Be7 10. 0-0 0-0 11. Nc3 Bf6 12. Qd2 Bg4 13. Qd3 Bh5 14. Ne4 Bg6 15. Nxf6+ Qxf6 16. Qd2 h6 17. Rfd1 Be4 18. Rac1 d5 19. Bf4 Bxf3 20. gxf3 Nxc4 21. Bxc4 dxc4 22. Bxc7 Qxf3 23. d5 Qg4+ 24. Kh1 Qf3+ 25. Kg1 Qg4+ 26. Kh1 Qf3+ 1/2-1/2

[Event "SVK-chT3A2 1819"]
[Site "Slovakia"]
[Date "2018.10.21"]
[Round "2.6"]
[White "Kramar, Matus"]
[Black "Kubis, Ivan"]
[Result "1/2-1/2"]
[WhiteElo "1657"]
[BlackElo "1907"]
[PlyCount "47"]
[EventDate "2018.10.07"]
[EventType "team-tourn"]
[EventRounds "11"]
[EventCountry "SVK"]
[SourceTitle "EXT 2020"]
[Source "ChessBase"]
[SourceDate "2019.10.17"]
[SourceVersion "1"]
[SourceVersionDate "2019.10.17"]
[SourceQuality "1"]
[WhiteTeam "Modranka Komplet"]
[BlackTeam "Gbely Nafta II"]
[WhiteTeamCountry "SVK"]
[BlackTeamCountry "SVK"]

1. e4 e5 2. Nf3 Nc6 3. Bc4 Nf6 4. d3 Be7 5. 0-0 0-0 6. Re1 d6 7. h3 Na5 8. Bb3 Nxb3 9. axb3 b6 10. c4 Bb7 11. Nc3 Qd7 12. d4 exd4 13. Nxd4 Rfe8 14. f3 a5 15. Nf5 Bd8 16. Bf4 Nh5 17. Bh2 g6 18. Ng3 Ng7 19. e5 f5 20. exd6 Bh4 21. Rxe8+ Rxe8 22. Nge2 Qe6 23. Qd2 cxd6 24. Rd1 1/2-1/2

[Event "Banska Stiavnica V4 op"]
[Site "Banska Stiavnica"]
[Date "2018.07.08"]
[Round "2"]
[White "Chrenko, Kristian"]
[Black "Kramar, Matus"]
[Result "1-0"]
[WhiteElo "1992"]
[BlackElo "1573"]
[PlyCount "71"]
[EventDate "2018.07.07"]
[EventType "swiss"]
[EventRounds "9"]
[EventCountry "SVK"]
[SourceTitle "CBM 185 Extra"]
[Source "ChessBase"]
[SourceDate "2018.07.29"]
[SourceVersion "1"]
[SourceVersionDate "2018.07.29"]
[SourceQuality "1"]

1. e4 c5 2. Nf3 Nc6 3. d4 cxd4 4. Nxd4 Nf6 5. Nc3 g6 6. Nxc6 bxc6 7. e5 Ng8 8. Bc4 d5 9. exd6 exd6 10. Qf3 d5 11. Bd3 Bg7 12. 0-0 Be6 13. Re1 Ne7 14. Bg5 Qd7 15. Bf6 0-0 16. Bxg7 Kxg7 17. Qf4 c5 18. Rad1 Nc6 19. Bb5 a6 20. Bxc6 Qxc6 21. Qe5+ Kg8 22. Nxd5 Bxd5 23. Qxd5 Qb5 24. b3 Rad8 25. Qe5 Rde8 26. Qf6 Re2 27. c4 Rxe1+ 28. Rxe1 Qa5 29. Re2 Rd8 30. h4 Qc7 31. f4 Qd7 32. Kh2 Qd4 33. Re5 h5 34. b4 cxb4 35. Re8+ Kh7 36. Rh8+ 1-0

[Event "SVK-chT4 A22 1718"]
[Site "Slovakia"]
[Date "2017.12.10"]
[Round "6.2"]
[White "Klanica, Anton"]
[Black "Kramar, Matus"]
[Result "0-1"]
[WhiteElo "1749"]
[BlackElo "1564"]
[PlyCount "100"]
[EventDate "2017.10.01"]
[EventType "team-tourn"]
[EventRounds "11"]
[EventCountry "SVK"]
[SourceTitle "EXT 2020"]
[Source "ChessBase"]
[SourceDate "2019.10.17"]
[SourceVersion "1"]
[SourceVersionDate "2019.10.17"]
[SourceQuality "1"]

1. e4 c5 2. Nf3 d6 3. Bb5+ Bd7 4. Bxd7+ Nxd7 5. 0-0 Ngf6 6. d3 g6 7. b3 Bg7 8. Bb2 0-0 9. Qe2 Nh5 10. Bxg7 Nxg7 11. Nc3 Nb6 12. Rfe1 e6 13. h3 a6 14. Nh2 e5 15. a4 Ne6 16. Qd2 a5 17. Ng4 Nf4 18. Ne2 Ne6 19. Rf1 h5 20. Ne3 Qg5 21. Nc4 Nxc4 22. Qxg5 Nxg5 23. bxc4 f5 24. exf5 Rxf5 25. Rab1 Rb8 26. Rb6 Rf6 27. f3 Ne6 28. Rfb1 Nd8 29. Nc3 Rf7 30. Rxd6 Kg7 31. Rbb6 Nc6 32. Rxg6+ Kxg6 33. Ne4 Kg7 34. Nxc5 Nd4 35. c3 Ne2+ 36. Kf2 Nxc3 37. Ne6+ Kg8 38. Ng5 Rg7 39. h4 Nxa4 40. Re6 Nb2 41. Ke2 Rd8 42. Rxe5 a4 43. Ra5 Re7+ 44. Ne4 Nxd3 45. Rg5+ Kf8 46. Kf1 Rg7 47. Rxh5 Ra8 48. Ng5 Kg8 49. Ne4 a3 50. Nf6+ Kf7 0-1

[Event "SVK-chT4 A21 1718"]
[Site "Slovakia"]
[Date "2017.11.12"]
[Round "4.2"]
[White "Kramar, Matus"]
[Black "Vogl, Zdenek"]
[Result "0-1"]
[WhiteElo "1564"]
[BlackElo "1932"]
[PlyCount "82"]
[EventDate "2017.10.01"]
[EventType "team-tourn"]
[EventRounds "11"]
[EventCountry "SVK"]
[SourceTitle "EXT 2019"]
[Source "ChessBase"]
[SourceDate "2018.10.10"]
[SourceVersion "1"]
[SourceVersionDate "2018.10.10"]
[SourceQuality "1"]
[WhiteTeam "Modranka Komplet"]
[BlackTeam "Skalica II"]
[WhiteTeamCountry "SVK"]
[BlackTeamCountry "SVK"]

1. e4 e5 2. Nf3 Nc6 3. Bc4 Be7 4. 0-0 Nf6 5. Re1 d6 6. h3 0-0 7. c3 Na5 8. Bd3 Nh5 9. Bc2 Nf4 10. Kh2 Qd7 11. Ng1 Qe6 12. Qf3 c5 13. b4 cxb4 14. cxb4 Nc6 15. Bb3 Qg6 16. g3 Nd4 17. Qe3 Bg5 18. h4 Bh6 19. f3 Nfe2 20. Qf2 Nxg3 21. Nh3 Bxh3 22. Kxh3 Bf4 23. Nc3 Nxb3 24. axb3 Qe6+ 25. Kg2 Nh5 26. Ne2 Qxb3 27. Rxa7 Qxb4 28. Ba3 Qxd2 29. Rxa8 Rxa8 30. Bc1 Qc2 31. Kf1 Ra2 32. Bxf4 Nxf4 33. Rc1 Qxc1+ 34. Nxc1 Rxf2+ 35. Kxf2 g6 36. Nb3 b6 37. Nd2 b5 38. Nb3 f5 39. Nd2 Kf7 40. Nb1 b4 41. Nd2 Ke6 0-1

[Event "SVK-ch U14"]
[Site "Liptovsky Mikulas"]
[Date "2017.04.24"]
[Round "4"]
[White "Kramar, Matus"]
[Black "Bobro, Jan"]
[Result "0-1"]
[WhiteElo "1558"]
[BlackElo "1539"]
[PlyCount "68"]
[EventDate "2017.04.22"]
[EventType "swiss"]
[EventRounds "9"]
[EventCountry "SVK"]
[SourceTitle "CBM 178 Extra"]
[Source "ChessBase"]
[SourceDate "2017.06.22"]
[SourceVersion "1"]
[SourceVersionDate "2017.06.22"]
[SourceQuality "1"]

1. e4 c5 2. Nf3 e6 3. d4 cxd4 4. Nxd4 a6 5. Nc3 b5 6. a3 Qc7 7. Be3 Nf6 8. Be2 Bc5 9. Qd2 Bb7 10. f3 d6 11. 0-0 0-0 12. Rad1 Nbd7 13. Kh1 Rac8 14. Nb3 Bxe3 15. Qxe3 d5 16. exd5 Nxd5 17. Nxd5 Bxd5 18. Na1 Nb6 19. Rd2 Bc4 20. Rfd1 Bxe2 21. Qxe2 Nc4 22. Rd7 Qc6 23. c3 Rc7 24. Rd8 Rc8 25. Rxf8+ Kxf8 26. Nb3 Qb6 27. Rd3 Rd8 28. Rxd8+ Qxd8 29. h3 Qd5 30. Nd4 Qe5 31. Qc2 Qe1+ 32. Kh2 g6 33. f4 Ne3 34. Qe4 Nf1+ 0-1

[Event "SVK-chT3A2 1617"]
[Site "Slovakia"]
[Date "2017.01.22"]
[Round "7.6"]
[White "Kramar, Matus"]
[Black "Babirat, Michal"]
[Result "0-1"]
[WhiteElo "1563"]
[BlackElo "1815"]
[PlyCount "36"]
[EventDate "2016.10.16"]
[EventType "team-tourn"]
[EventRounds "11"]
[EventCountry "SVK"]
[SourceTitle "EXT 2020"]
[Source "ChessBase"]
[SourceDate "2019.10.17"]
[SourceVersion "1"]
[SourceVersionDate "2019.10.17"]
[SourceQuality "1"]
[WhiteTeam "Modranka Komplet"]
[BlackTeam "Trnava Lokomotiva III"]
[WhiteTeamCountry "SVK"]
[BlackTeamCountry "SVK"]

1. e4 c5 2. Nf3 d6 3. d4 cxd4 4. Nxd4 Nf6 5. Nc3 g6 6. Be3 Bg7 7. Qd2 Nc6 8. Bb5 Bd7 9. Bxc6 bxc6 10. h3 0-0 11. 0-0-0 c5 12. Nf3 Qb6 13. b3 a5 14. a4 Rfb8 15. Kb1 Qb4 16. e5 dxe5 17. Nxe5 Bf5 18. Nc6 Qxb3+ 0-1

[Event "SVK-chT3A2 1617"]
[Site "Slovakia"]
[Date "2017.01.08"]
[Round "6.1"]
[White "Spacek, Marcel"]
[Black "Kramar, Matus"]
[Result "1-0"]
[WhiteElo "1783"]
[BlackElo "1563"]
[PlyCount "83"]
[EventDate "2016.10.16"]
[EventType "team-tourn"]
[EventRounds "11"]
[EventCountry "SVK"]
[SourceTitle "EXT 2020"]
[Source "ChessBase"]
[SourceDate "2019.10.17"]
[SourceVersion "1"]
[SourceVersionDate "2019.10.17"]
[SourceQuality "1"]
[WhiteTeam "Senica CVC"]
[BlackTeam "Modranka Komplet"]
[WhiteTeamCountry "SVK"]
[BlackTeamCountry "SVK"]

1. d4 d5 2. c4 c6 3. g3 Nf6 4. Bg2 e6 5. Nf3 Be7 6. 0-0 0-0 7. b3 b6 8. Bb2 Bb7 9. Qc2 Nbd7 10. Nbd2 Rc8 11. Ne5 h6 12. e4 Re8 13. Nxd7 Qxd7 14. e5 Nh7 15. h4 Bf8 16. f4 Rc7 17. c5 Rec8 18. Bh3 g6 19. Nf3 Re8 20. b4 Ba6 21. Rf2 Qc8 22. Nh2 Qd8 23. h5 g5 24. f5 Qd7 25. Ng4 Qe7 26. fxe6 fxe6 27. Nf6+ Kh8 28. Nxe8 Qxe8 29. Qg6 Re7 30. Rf6 Qxg6 31. hxg6 Nxf6 32. exf6 Re8 33. Re1 Bc8 34. Bc1 bxc5 35. dxc5 a6 36. Bb2 Bg7 37. fxg7+ Kg8 38. Rf1 h5 39. Be5 g4 40. Bg2 d4 41. Bxc6 Rd8 42. Bf6 1-0

[Event "SVK-chT4 A22 1617"]
[Site "Slovakia"]
[Date "2016.10.23"]
[Round "2.1"]
[White "Kramar, Matus"]
[Black "Javor, Viktor"]
[Result "1-0"]
[WhiteElo "1212"]
[BlackElo "1510"]
[PlyCount "91"]
[EventDate "2016.10.09"]
[EventType "team-tourn"]
[EventRounds "11"]
[EventCountry "SVK"]
[SourceTitle "EXT 2020"]
[Source "ChessBase"]
[SourceDate "2019.10.17"]
[SourceVersion "1"]
[SourceVersionDate "2019.10.17"]
[SourceQuality "1"]

1. e4 e5 2. Nf3 Nc6 3. Bc4 d6 4. h3 a6 5. Nc3 b5 6. Bd5 Bb7 7. a3 h6 8. d3 Qf6 9. 0-0 0-0-0 10. Be3 Nd4 11. Bxb7+ Kxb7 12. Bxd4 exd4 13. Nd5 Qe6 14. Nxd4 Qe5 15. c3 Ne7 16. Nf3 Qe6 17. Nb4 c5 18. Nc2 Nc6 19. Re1 f6 20. d4 d5 21. exd5 Qxd5 22. Qd2 g6 23. Rad1 h5 24. Qf4 Qd6 25. Qxd6 Bxd6 26. d5 Ne5 27. Nxe5 Bxe5 28. Re4 Rd6 29. f4 Bxf4 30. Rxf4 f5 31. c4 Re8 32. cxb5 axb5 33. Rf2 Kb6 34. Kf1 Re5 35. Rfd2 g5 36. Kf2 Ka5 37. b3 Kb6 38. g3 Ka5 39. b4+ Kb6 40. bxc5+ Kxc5 41. Nb4 Kb6 42. Rc2 Kb7 43. Rc6 Rxc6 44. dxc6+ Kb6 45. Rd7 Rc5 46. Rb7+ 1-0

[Event "SVK-ch U12"]
[Site "Tatralandia"]
[Date "2015.04.21"]
[Round "5"]
[White "Schmidt, Peter"]
[Black "Kramar, Matus"]
[Result "0-1"]
[WhiteElo "1000"]
[BlackElo "1157"]
[PlyCount "52"]
[EventDate "2015.04.18"]
[EventType "swiss"]
[EventRounds "9"]
[EventCountry "SVK"]
[SourceTitle "CBM 166 Extra"]
[Source "ChessBase"]
[SourceDate "2015.06.18"]
[SourceVersion "1"]
[SourceVersionDate "2015.06.18"]
[SourceQuality "1"]

1. e4 c5 2. Nf3 d6 3. d4 cxd4 4. Nxd4 Nf6 5. Nc3 a6 6. Bc4 e6 7. Be3 Be7 8. Qd2 0-0 9. 0-0 Nbd7 10. Nf3 b5 11. Bd3 Bb7 12. Bh6 gxh6 13. Qxh6 Ng4 14. Qh3 Nge5 15. Nxe5 Nxe5 16. Qg3+ Kh8 17. Ne2 Nxd3 18. cxd3 Rg8 19. Qh3 Bg5 20. Qh5 Qf6 21. Ng3 Qg7 22. Qh3 Qh6 23. Nh5 Rac8 24. Qf3 f5 25. Ng3 Bf4 26. Ne2 Qxh2# 0-1

[Event "SVK-ch U12"]
[Site "Tatralandia"]
[Date "2015.04.20"]
[Round "3"]
[White "Tabak, Adam"]
[Black "Kramar, Matus"]
[Result "1-0"]
[WhiteElo "1089"]
[BlackElo "1157"]
[PlyCount "39"]
[EventDate "2015.04.18"]
[EventType "swiss"]
[EventRounds "9"]
[EventCountry "SVK"]
[SourceTitle "CBM 166 Extra"]
[Source "ChessBase"]
[SourceDate "2015.06.18"]
[SourceVersion "1"]
[SourceVersionDate "2015.06.18"]
[SourceQuality "1"]

1. e4 c5 2. Nf3 d6 3. d4 cxd4 4. Qxd4 Nf6 5. Bg5 e5 6. Qd3 Be7 7. Nc3 0-0 8. 0-0-0 Qd7 9. Bxf6 gxf6 10. Nd5 Rd8 11. Nh4 Nc6 12. Nf5 Qe6 13. Qg3+ Kf8 14. Qg7+ Ke8 15. Bc4 Bf8 16. Qg4 Bh6+ 17. Kb1 Kf8 18. Qh4 Bf4 19. Qxh7 Ke8 20. Nc7+ 1-0

[Event "SVK-ch U10"]
[Site "Stara Lubovna"]
[Date "2014.04.10"]
[Round "7"]
[White "Soltys, Oliver"]
[Black "Kramar, Matus"]
[Result "1-0"]
[WhiteElo "1130"]
[BlackElo "1146"]
[PlyCount "52"]
[EventDate "2014.04.05"]
[EventType "swiss"]
[EventRounds "9"]
[EventCountry "SVK"]
[SourceTitle "EXT 2016"]
[Source "ChessBase"]
[SourceDate "2015.10.08"]
[SourceVersion "1"]
[SourceVersionDate "2015.10.08"]
[SourceQuality "1"]

1. e4 c5 2. d4 cxd4 3. c3 dxc3 4. Nxc3 Nc6 5. Bc4 Nf6 6. Bf4 d6 7. Qb3 e6 8. Nf3 g6 9. 0-0 Bg7 10. Rad1 Bf8 11. Ne5 Bd7 12. Nxc6 Bxc6 13. Bg5 Bg7 14. e5 d5 15. Rfe1 h6 16. exf6 Bxf6 17. Bxf6 Qxf6 18. Bxd5 0-0 19. Ne4 Qf5 20. Bxc6 bxc6 21. Qc3 Qb5 22. Nf6+ Kh8 23. Nd7+ Kg8 24. Nxf8 Rxf8 25. Re3 h5 26. h3 Qa5 1-0

[Event "SVK-ch U10"]
[Site "Stara Lubovna"]
[Date "2014.04.09"]
[Round "6"]
[White "Kramar, Matus"]
[Black "Rybovic, Nikolas"]
[Result "1/2-1/2"]
[WhiteElo "1146"]
[BlackElo "1077"]
[PlyCount "43"]
[EventDate "2014.04.05"]
[EventType "swiss"]
[EventRounds "9"]
[EventCountry "SVK"]
[SourceTitle "EXT 2016"]
[Source "ChessBase"]
[SourceDate "2015.10.08"]
[SourceVersion "1"]
[SourceVersionDate "2015.10.08"]
[SourceQuality "1"]

1. e4 e5 2. Nf3 Nc6 3. Bb5 d6 4. Nc3 Bd7 5. 0-0 Nf6 6. d3 Be7 7. Be3 0-0 8. h3 a6 9. Bc4 Be6 10. Bxe6 fxe6 11. d4 exd4 12. Nxd4 Nxd4 13. Bxd4 c5 14. Be3 b5 15. a3 b4 16. axb4 cxb4 17. Ne2 Nxe4 18. Qd4 d5 19. Qd3 a5 20. f3 Nf6 21. Nf4 Qd6 22. Rfd1 1/2-1/2